000 01222nam a2200325 i 4500
003 EG-GICUC
005 20260406200325.0
008 260406s1927 gw ||||fri||| 00| 0 ger d
040 _aEG-GiCUC
_bger
_cEG-GiCUC
_dEG-GiCUC
_erda
041 _ager
082 0 4 _221
_a341.3
_bAU.D
092 0 4 _221
099 _aLaw1 11 341.3 AU.D 1924
110 _kAuswärtiges Amt
_eAuthor.
245 _aDer Diplomatische Schriftwechsel Iswolskis 1911-1914 :
_bAus den Geheimakten der Russischen Staatsarchive .
_n1 Band ,
_p Vom Beginn der Botschaftertätigkeit Iswolskis bis zur Beendigung der Marokkokrise /
_cAuswärtiges Amt .
264 _aBerlin :
_bDeutsche Verlagsgesellschaft für Politik und Geschichte ,
_c1924 .
300 _a199 pages ,
_c24 cm
336 _2rda content
_atext
337 _2rda media
_aComputer
338 _2rda carrier
_aOnline Resource
490 _aDer Diplomatische Schriftwechsel Iswolskis
546 _a Text in German
650 1 _aInternationales Recht
_zDeutschland
650 1 _aInternationale Beziehungen
651 1 _2qrmak
700 1 _aFriedrich Stieve
_eTranslator.
856 4 0 _uhttps://fll.law.cu.edu.eg/fulltext/bks/B11-08134.pdf
905 _a60
942 _2ddc
_cBK
_e21
_n0
999 _c69359
_d69359